| 000 | 01334nam a22003375a 4500 | ||
|---|---|---|---|
| 003 | EG-ScBUE | ||
| 005 | 20220718100246.0 | ||
| 008 | 170524s2014 ua f b 000 0 ara d | ||
| 017 | _a2004 / 17119 | ||
| 020 | _a9771607502 | ||
| 040 |
_aEG-ScBUE _bara _erda _cEG-ScBUE _dEG-ScBUE |
||
| 041 | 0 |
_aara _aeng |
|
| 082 | 0 | 4 |
_222 _a418.02 _bع ن ا |
| 100 | 1 |
_aعناني، محمد، _d1939- _eمؤلف. |
|
| 245 | 1 | 0 |
_aفن الترجمة / _cالدكتور محمد عناني، أستاذ الأدب الإنجليزي بجامعة القاهرة. |
| 250 | _aالطبعة الثالثة عشرة. | ||
| 264 | 1 |
_aالجيزة، مصر : _bالشركة المصرية العالمية للنشر، لونجمان ؛ _a[بيروت] : _bمكتبة لبنان ناشرزن، _c2014. |
|
| 300 |
_a190 صفحة ؛ _c24 سم. |
||
| 336 |
_2rdacontent _aنص _btxt |
||
| 337 |
_2rdamedia _aبدون وسيط _bn |
||
| 338 |
_2rdacarrier _aمجلد _bnc |
||
| 490 | 0 | _aأدبيات | |
| 504 | _aيشتمل على إرجاعات الببليوجرافية. | ||
| 546 | _aالنص باللغتين العربية و الإنجليزية. | ||
| 650 | 7 |
_aاللغة العربية _xترجمة. _2BUEsh |
|
| 650 | 7 |
_aالترجمة. _2BUEsh |
|
| 651 | _2BUEsh | ||
| 653 |
_bGGEN _cMay2017 |
||
| 655 |
_vReading book _934232 |
||
| 942 | _2ddc | ||
| 999 |
_c24879 _d24851 |
||